| 000 | 00360pab a2200145 454500 | ||
|---|---|---|---|
| 008 | 180718b2006 xxu||||| |||| 00| 0 eng d | ||
| 100 | _aAmado, Liz Ercevik | ||
| 245 | _aGender, sexuality and law reform in Muslim societies | ||
| 260 | _c2006 | ||
| 300 | _ap.96-98. | ||
| 362 | _aMar | ||
| 650 | _aSexual behaviour | ||
| 773 | _aDevelopment | ||
| 909 | _a71558 | ||
| 999 |
_c71558 _d71558 |
||